Normal view MARC view
  • Digital communication

Entry Corporate Name

Number of records used in: 1

001 - CONTROL NUMBER

  • control field: 104545

003 - CONTROL NUMBER IDENTIFIER

  • control field: NUST

005 - DATE AND TIME OF LATEST TRANSACTION

  • control field: 20221209111116.0

008 - FIXED-LENGTH DATA ELEMENTS

  • fixed length control field: 221209|| aca||aabn | a|a d

040 ## - CATALOGING SOURCE

  • Original cataloging agency: NUST
  • Transcribing agency: NUST

110 ## - HEADING--CORPORATE NAME

  • Corporate name or jurisdiction name as entry element: Digital communication

670 ## - SOURCE DATA FOUND

  • Source citation: Work cat.: (NUST)189292: Sharma, Sanjay 217, Digial communications /, 2011
© 2023 Central Library, National University of Sciences and Technology. All Rights Reserved.